Quizzes
Events
Quiz Creation
Community
Videos
Private Events
Remove Ads
Sign In
Join for FREE
Feedback
Dark Mode
Quiz Categories
Sports
Geography
Music
Movies
Television
Just For Fun
Miscellaneous
History
Literature
Language
Science
Gaming
Entertainment
Religion
Holiday
For Kids
Quiz Lab
Recent
Popular Today
Quiz Kudos Today
Editor Picks
Curator Picks
Quizzes by...
Day
Popularity
Type
Ratings
Length
Year
Community
Subscriptions
Recent Discussions
Orange Saloon
Badges
Playlists
Quests
Create
Leaderboards
Showdown
Live 5
Trivia Bingo
Activity
Puzzle Library
Sporcle Events
Private Events
Virtual Trivia
Globe League
Become a Host
Pub Owners
SporcleCon
Opinionation
Our Games
Videos
Blog
Mobile Apps
Partnerships
Remove Ads and Go Orange
Feedback
Movies
Disney
Marvel Cinematic Universe
Movie Resume
Movie Titles
Oscar
Actor
Actress
Director
Pixar
Role
Movie Quotes
Movie Characters
Box Office
Nominee
Best Picture
Star Wars
James Bond
Horror Movies
Movies
Disney
Marvel Cinematic Universe
Movie Resume
Movie Titles
Oscar
Actor
Actress
Director
Pixar
Role
Movie Quotes
Movie Characters
Box Office
Nominee
Best Picture
Star Wars
James Bond
Horror Movies
Random Quiz
Search Sporcle
×
Quiz Lab
Quiz Lab
Movies
Actor
Type in answers that appear in a list
Type in answers that appear in a list
Classic
Best Score? Go Orange.
Primate Movies Stats
Can you name the movies featuring monkeys, orangutans, apes & gorillas?
By
scottgingold
12m
43 Questions
223 Plays
223 Plays
223 Plays
Comments
Comments
Give Quiz Kudos
Give Quiz Kudos
-
- Ratings
hide this ad
Replay
Link that replays current quiz
Next Quiz
Link to next quiz in quiz playlist
You Got
0%
They Got
Avg Score
18%
Avg Friend Score
Upgrade to see
Score Distribution
Jump to the score distribution portion of the page
Score
0/43
Timer
12:00
0
Plays Today
Year
Film
% Correct
1968
Planet of the Apes
84.8%
1933
King Kong
68.6%
1998
Mighty Joe Young
43.5%
1988
Gorillas in the Mist
42.2%
1995
Ace Ventura: When Nature Calls
39%
1997
George of the Jungle
37.2%
1999
Tarzan
35%
2003
Pirates of the Caribbean
32.3%
1995
Jumanji
27.4%
1967
The Jungle Book
26.9%
1978
Every Which Way But Loose
26.5%
2001
Jay & Silent Bob Strike Back
23.8%
1999
American Pie
22%
1996
Ed
21.1%
1996
Dunston Checks In
19.7%
2006
Curious George
18.8%
1951
Bedtime For Bonzo
17.9%
2001
Monkeybone
16.1%
1995
Outbreak
16.1%
2005
Madagascar
15.2%
2002
28 Days Later
14.3%
1997
Buddy
13.5%
Year
Film
% Correct
1967
Doctor Dolittle
13%
1987
Project X
11.7%
1999
Instinct
10.8%
2008
Space Chimps
10.8%
1952
Monkey Business
10.3%
1998
Babe: Pig in the City
9.9%
1994
Monkey Trouble
9.4%
1988
Monkey Shines
8.5%
1984
Greystoke
8.1%
1981
Going Ape
8.1%
1999
Being John Malkovich
7.6%
2000
MVP: Most Valuable Primate
6.7%
1952
The Greatest Show on Earth
6.3%
1986
Link
5.4%
1960
Toby Tyler
4.9%
1987
Going Bananas
4.5%
1992
Love Potion No. 9
4%
1985
Phenomena
3.1%
1964
What a Way to Go
1.8%
1998
Summer of the Monkeys
1.3%
1989
Animal Behavior
1.3%
Quiz Playlist
Details
Report
Send in Message
Add To Playlist
Classic:
Type in answers that appear in a list
Last Updated: Feb 16, 2017
Quiz Scoreboard
CHALLENGE
Sign Up to Join the Scoreboard
Show All
Scores
Hide
Comments
May contain spoilers
Recently Published
An Introduction to Baseball
by treessimontrees
Sports
5m
Movies - When Are They Set?
by FPL_Elf
Movies
5m
Popular People in 1961
by mucciniale
History
6m
More to Explore
Quiz From the Vault
Featured Blog Post
Where Did the Easter Bunny Come From?
hide this ad
You Might Also Like...
Tags
Actor Quiz
ape
Featuring
gorilla
Monkey
orangutan
primate
Starring
Today's Top Quizzes in Movies
Browse Movies
hide this ad
Today's Top Quizzes in Actor
Browse Actor
Top Contributed Quizzes in Movies
1
Pick 5 Posters: Directed by Spielberg
2
Pick 5 Posters: Lowest-Rated Spielberg
3
Multi-Oscar Nominations, One Movie, One Winner
4
7-to-1: Pixar Characters
5
12 Movies about Fictional 1960s Events
6
One Thing in Common: Movies
7
Pick 5 Posters: Directed by Scorsese
8
Sunday Crossword: Film Score Composers
9
Pick 5 Posters: Star & Director
10
Sorting Actors
Explore More
Trending Topics
Anime
Kpop
NBA
Harry Potter
Disney
Marvel
Crossword
Song
Soccer
Puzzle
Country
WWE
NFL
Pokémon
The Office
hide this ad
More By:
scottgingold
Quiz
Plays
Rating
Category
Featured
Created
Oscar Winners for Best Original Song
9,362
4.48
Movies
Nov 6, 2009
LOST Characters (Very Hard)
3,072
4.06
Television
Mar 21, 2010
Movie Sex Scenes
1,501
3.00
Movies
Oct 7, 2009
Film.com's 50 Greatest Movie Monologues
1,188
4.30
Movies
Jul 10, 2010
Nominated Actors for Best Picture Oscars
903
3.75
Movies
Nov 6, 2009
Go to Creator's Profile
Score Distribution
Quiz Creator Spotlight
scottgingold
Follow
Send a Message
Quizzes Created
-
Created Quiz Play Count
-
More By This Creator
Popular Quizzes Today
1
Find the Countries of Europe - No Outlines Minefield
2
Find the US States - No Outlines Minefield
3
The Countries of the World
4
Popular People in 1961
5
US States
6
Find the US States
7
1-10 Letter E Words III
8
Risky Map Clicking: Biggest States A-Z
More Movies Quizzes
One-Star Christmas Movies
Published
Trending Quizzes
Risky Map Clicking: Least Populous States A-Z
1-10 Letter F Words
1-10 Letter G Words
One Thing in Common: United Kingdom
Not Quite an Element Typing Challenge
Recently Updated
Leaping Animals
pecheneg
Reality TV Shows (A-Z)
bhenderson79
Rickey Henderson's Hall of Fame Teammates
pecheneg
Champions League XIs: Arsenal
pecheneg
Quick Pick: Celebrities in WWE's Hall of Fame
aduchscher
A-Z Keypad Blitz II
pecheneg
Multiple Oscar Actors
pecheneg
Mystery Phrase Blitz: Oscar 'Best Actors'
pecheneg
F. Scott Fitzgerald Novels
LTH
Pick 3 Villains
ddd62291
Trending Topics
Crossword
Harry Potter
Disney
NBA
Anime
Kpop
Marvel
Song
Soccer
WWE
Pokémon
NFL
Country
Puzzle
The Office
Your Account Isn't Verified!
In order to create a playlist on Sporcle, you need to verify the email address you used during registration. Go to your
Sporcle Settings
to finish the process.
Report this User
Report this user for behavior that violates our
Community Guidelines
.
Details:
Send Report
Go to the Sporcle.com Mobile Site →
Comments